000 01771nam a2200277 i 4500
001 000046214
003 DO-SdBNP
005 20250410123847.0
007 ta
008 150707s2000 dr 000 j spa d
020 _a9993442038
040 _aDO-SdBNP
_bspa
_cBNPHU
_erda
082 4 _aRD863.44
_bC965b
_222
245 0 0 _aCuentos breves.
264 _aSanto Domingo :
_bEdiciones Ferilibro,
_c2000
300 _a57 páginas ;
_c23 cm.
336 _2rdacontent
_atexto
_btxt
337 _2rdamedia
_asin mediación
_bn
338 _2rdacarrier
_avolumen
_bnc
505 0 _gPresentación --
_rJosé Rafael Lantigua /
_gCuentos premiados --
_gprimer premio :
_tLa gotita de agua /
_rElisa Fernández Malla --
_gsegundo premio :
_tYo escribo libros /
_rRosalyn Arias Piantini --
_gtercer premio :
_tEn los brazos de la noche /
_rHyden Carrón --
_gMenciones de honor :
_tLa constancia /
_rJuan Bautista Cueto --
_tLoquito por Marilyn /
_rJan Castillo --
_tCuerpo errante /
_rJohanna Lantigua Vargas --
_tEl silencio dice muerte /
_rMiguel Piccini --
_tSueño /
_rRommel Soto --
_tFrío /
_rJudith Celeste Morillo Montero --
_tEscape /
_rGloria María Read --
_tDesde el balcón /
_rGloria María Read --
_tMaravillosas píldoras /
_raralí Medrano Carvajal --
_tCréeme /
_rTulio José Mateo de Peña --
_tClaudia /
_rMaría Ivanova Reyes Peguero --
_tEl contacto /
_rGabriela María Read --
_tTiempo sin tiempo /
_rRamón Mesa --
_tCompromiso con el destino /
_rMaría de Montserrat Sistachs Gómez --
_tSólo por un sueño /
_rGabriela María Navarro --
_tSobre los autores --
590 _aPerteneció a la biblioteca personal de Chiqui Vicioso/Fidelio Despradel
650 4 _aCuentos dominicanos
650 4 _aLiteratura dominicana
910 _aValidado. Control de calidad MFF
942 _2ddc
_cLBS1
999 _c45703
_d45703